| 000 | 00388cam a2200145ua 4500 | ||
|---|---|---|---|
| 041 |
_aeng _h |
||
| 082 |
_a371.102 _bWAS/RO |
||
| 100 | _aWasi, Muriel . | ||
| 245 |
_aRomance of teaching / _cMuriel Wasi. _hTextual Documents |
||
| 260 |
_aNewdelhi : _bNational council of educational research&training , _c1964. |
||
| 300 | _a96 ; . | ||
| 504 | _a | ||
| 942 | _cBK | ||
| 999 |
_c11540 _d11540 |
||